[Event "GER-ch 70th"]
[Site "Bremen"]
[Date "1998.11.06"]
[Round "1"]
[White "Boensch, Uwe"]
[Black "Kargoll, Peter"]
[Result "1-0"]
[WhiteElo "2530"]
[BlackElo "2315"]
[EventDate "1998.11.06"]
[PlyCount "102"]

1. d4 d5 2. c4 e6 3. Nc3 Nf6 4. cxd5 exd5 5. Bg5 Be7 6. e3 O-O 7. Bd3 b6 8. Bxf6 Bxf6 9. Qh5 g6 10. Qxd5 c6 11. Qxd8 Rxd8 12. Nge2 Na6 13. Be4 Bd7 14. O-O Rab8 15. Rac1 Bg7 16. Rfd1 Kf8 17. h3 c5 18. Bd3 Nb4 19. dxc5 Be6 20. Bb1 bxc5 21. Nf4 Rxd1+ 22. Nxd1 Bxa2 23. Bxa2 Nxa2 24. Rxc5 Rd8 25. Nc3 Nxc3 26. bxc3 Ra8 27. Nd5 a5 28. Nb6 Ra6 29. Na4 Ke8 30. Kf1 Kd7 31. Ke2 Rc6 32. Rxa5 Bxc3 33. Nc5+ Kc7 34. Rb5 Bb4 35. Rxb4 Rxc5 36. Rd4 Rf5 37. g4 Re5 38. f4 Ra5 39. Rd2 h6 40. Kf3 f6 41. h4 Ra8 42. h5 gxh5 43. gxh5 Ra5 44. Kg4 Rb5 45. e4 Ra5 46. Rd5 Ra1 47. Kf5 Rf1 48. Rd2 Rf3 49. Rg2 Kd7 50. Rg6 Ke7 51. Rxh6 Kf7 1-0

[Event "GER-ch 70th"]
[Site "Bremen"]
[Date "1998.11.06"]
[Round "1"]
[White "Fuhrmann, Daniel"]
[Black "Lobron, Eric"]
[Result "0-1"]
[WhiteElo "2315"]
[BlackElo "2540"]
[EventDate "1998.11.06"]
[PlyCount "55"]

1. d4 Nf6 2. c4 e6 3. Nf3 d5 4. Nc3 Nbd7 5. Bg5 h6 6. Bh4 Be7 7. e3 O-O 8. Qc2 c5 9. Rd1 b6 10. cxd5 exd5 11. Bb5 Bb7 12. dxc5 bxc5 13. O-O Nb6 14. Bxf6 Bxf6 15. Ne4 d4 16. Nxc5 Bxf3 17. gxf3 Qd5 18. f4 Rfc8 19. b4 a5 20. a3 axb4 21. axb4 Ra2 22. Qd3 Qh5 23. e4 Be7 24. Qxd4 Qg4+ 25. Kh1 Qf3+ 26. Kg1 Qxf4 27. Rd3 Bh4 28. e5 {... (Zeitnot)} 0-1

[Event "GER-ch 70th"]
[Site "Bremen"]
[Date "1998.11.06"]
[Round "1"]
[White "Gabriel, Christian"]
[Black "Bangiev, Alexander J"]
[Result "1-0"]
[WhiteElo "2555"]
[BlackElo "2395"]
[EventDate "1998.11.06"]
[PlyCount "63"]

1. d4 g6 2. e4 Bg7 3. c4 c5 4. d5 d6 5. h3 Nf6 6. Nc3 O-O 7. Bd3 e6 8. Nge2 exd5 9. cxd5 Na6 10. O-O Rb8 11. Bg5 Nb4 12. Bb1 b5 13. f4 Qc7 14. Ng3 c4 15. Kh1 Na6 16. e5 Ne8 17. exd6 Nxd6 18. f5 Be5 19. Nce4 Nc5 20. Nf6+ Bxf6 21. Bxf6 Ne8 22. Bg5 Qe5 23. Qd2 Rb7 24. Bf4 Qf6 25. Bh6 Qd6 26. fxg6 hxg6 27. Bxf8 Kxf8 28. Rf3 Re7 29. Bc2 Bb7 30. Raf1 Kg8 31. Qg5 Bc8 32. Bxg6 1-0

[Event "GER-ch 70th"]
[Site "Bremen"]
[Date "1998.11.06"]
[Round "1"]
[White "Glienke, Manfred"]
[Black "Hertneck, Gerald"]
[Result "0-1"]
[WhiteElo "2395"]
[BlackElo "2555"]
[EventDate "1998.11.06"]
[PlyCount "130"]

1. d4 Nf6 2. c3 d6 3. Nf3 Nbd7 4. Bf4 Nh5 5. Bd2 g6 6. e4 Bg7 7. Bd3 e5 8. Bg5 Bf6 9. Be3 Nf4 10. Bf1 g5 11. g3 Ng6 12. h3 Qe7 13. Qc2 h5 14. Na3 h4 15. g4 a6 16. O-O-O b6 17. Bd3 Bb7 18. Qd2 exd4 19. cxd4 Bxe4 20. Bxe4 Qxe4 21. Nxg5 Qd5 22. Nb1 Qxa2 23. Nc3 Qc4 24. Kb1 O-O-O 25. Rc1 Kb7 26. Rc2 Bxg5 27. Bxg5 Rc8 28. Rhc1 f6 29. Be3 Rhf8 30. f4 f5 31. Qg2+ c6 32. gxf5 Ne7 33. Bf2 Nxf5 34. Qg4 Qd3 35. Rd1 Qc4 36. Bxh4 Qf7 37. Bf2 d5 38. Rg1 Rg8 39. Qf3 Nh4 40. Qh1 Rh8 41. Rg4 Nf5 42. Qg2 Qh7 43. Rg5 Nf6 44. Ka2 Rc7 45. Re2 Nd6 46. h4 Nfe4 47. Nxe4 Nxe4 48. Rg4 Qf5 49. Qf3 Rhh7 50. Be1 a5 51. Reg2 Rce7 52. Qb3 Nd6 53. Bxa5 Nb5 54. Bb4 Nxd4 55. Qa4 c5 56. Rg8 cxb4 57. Qa8+ Kc7 58. Qa7+ Kc6 59. R2g6+ Ne6 60. Rxe6+ Qxe6 61. Qa4+ Kc5 62. Qc2+ Kb5 63. Qd3+ Ka5 64. Rg5 Rd7 65. Re5 Qc6 0-1

[Event "GER-ch 70th"]
[Site "Bremen"]
[Date "1998.11.06"]
[Round "1"]
[White "Gutman, Lev"]
[Black "Tabatt, Hendrik"]
[Result "1-0"]
[WhiteElo "2480"]
[BlackElo "2010"]
[EventDate "1998.11.06"]
[PlyCount "79"]

1. Nf3 c5 2. g3 Nc6 3. Bg2 g6 4. O-O Bg7 5. c3 Nf6 6. d4 d5 7. dxc5 a5 8. Na3 O-O 9. Nb5 h6 10. a4 Ne4 11. Be3 e5 12. Ne1 Nf6 13. Nd6 Be6 14. Nxb7 Qd7 15. Nd6 Rab8 16. Bc1 Qa7 17. Nd3 e4 18. Nb5 Qe7 19. Nf4 Qxc5 20. Nc7 Qd6 21. Ncxe6 fxe6 22. Nxg6 Rf7 23. f3 Kh7 24. Nf4 e5 25. Nh3 Qc5+ 26. Kh1 exf3 27. exf3 Kg8 28. Nf2 Rd7 29. Ra3 d4 30. Rb3 Rbd8 31. Rb5 Qa7 32. cxd4 Kh8 33. Qe1 exd4 34. Nd3 Nd5 35. Bd2 Ne3 36. Rg1 Re7 37. Qc1 Nxg2 38. Qxc6 Ne3 39. Nf4 Rc7 40. Ng6+ 1-0

[Event "GER-ch 70th"]
[Site "Bremen"]
[Date "1998.11.06"]
[Round "1"]
[White "Lehmann, Karl Heinz"]
[Black "Hickl, Joerg"]
[Result "0-1"]
[WhiteElo "2325"]
[BlackElo "2540"]
[EventDate "1998.11.06"]
[PlyCount "144"]

1. d4 d6 2. e4 g6 3. Nf3 Nf6 4. Bd3 Bg7 5. O-O O-O 6. Bg5 h6 7. Bh4 Nh5 8. Re1 c5 9. c3 cxd4 10. Nxd4 Nc6 11. Nxc6 bxc6 12. Nd2 Re8 13. Bc4 d5 14. Bb3 Nf6 15. Qf3 Be6 16. exd5 cxd5 17. h3 a5 18. Rad1 a4 19. Bc2 Qb6 20. Qe3 Reb8 21. b3 axb3 22. Bxb3 Qxe3 23. Rxe3 Rc8 24. Bg3 Nh5 25. Nb1 Nxg3 26. Rxg3 Ra5 27. Rgd3 Rcc5 28. g4 h5 29. f3 hxg4 30. hxg4 g5 31. Re3 Bf6 32. Kg2 Bc8 33. Kg3 e6 34. Red3 Be5+ 35. Kg2 Kg7 36. Re3 Bf4 37. Ree1 Ba6 38. Kf2 Bb5 39. Kg2 Ra8 40. Kf2 Rh8 41. Rh1 Rxh1 42. Rxh1 Bd3 43. Rd1 Bg6 44. Ke2 Rc8 45. Rh1 Kf6 46. Kf2 Be5 47. Ke2 Kg7 48. Kd2 Bf4+ 49. Ke2 f5 50. gxf5 Bxf5 51. Kf2 Kf6 52. Rh6+ Ke5 53. Rh1 g4 54. Re1+ Kf6 55. fxg4 Bxg4 56. Bc2 Rb8 57. Bb3 Rh8 58. Rg1 Bf5 59. Na3 Rh3 60. Rg8 Rxc3 61. Nb5 Rd3 62. Rf8+ Ke7 63. Ra8 Be4 64. Ke1 Rh3 65. Nd4 Rh1+ 66. Kf2 Rh2+ 67. Kg1 Rd2 68. Nc6+ Kd6 69. Nd8 Be3+ 70. Kf1 Bd3+ 71. Ke1 Rh2 72. Nf7+ Ke7 0-1

[Event "GER-ch 70th"]
[Site "Bremen"]
[Date "1998.11.06"]
[Round "1"]
[White "Loew, Gerald"]
[Black "Tischbierek, Raj"]
[Result "0-1"]
[WhiteElo "2295"]
[BlackElo "2515"]
[EventDate "1998.11.06"]
[PlyCount "61"]

1. e4 g6 2. d4 d6 3. Nf3 Nf6 4. Nc3 Bg7 5. Be2 O-O 6. O-O c6 7. h3 Nbd7 8. e5 Ne8 9. Bf4 Nb6 10. Qc1 f6 11. Bh6 fxe5 12. dxe5 d5 13. Qd2 Qc7 14. Rfe1 Bf5 15. g4 Bd7 16. Qg5 Rf7 17. Kg2 c5 18. e6 Bxe6 19. Bb5 Qd6 20. Bxe8 Rxe8 21. Bxg7 Rxg7 22. Rad1 Rf8 23. Ne5 d4 24. Kg1 Bd5 25. Ne4 Qc7 26. c3 h6 27. Qxh6 Qxe5 28. Ng5 Qf4 29. Re2 Nc4 30. cxd4 cxd4 31. b3 0-1

[Event "GER-ch 70th"]
[Site "Bremen"]
[Date "1998.11.06"]
[Round "1"]
[White "Lutz, Christopher"]
[Black "Espig, Lutz"]
[Result "1-0"]
[WhiteElo "2600"]
[BlackElo "2440"]
[EventDate "1998.11.06"]
[PlyCount "51"]

1. e4 d6 2. d4 Nf6 3. Nc3 g6 4. Nf3 Bg7 5. Be2 O-O 6. O-O Bg4 7. Be3 Nc6 8. d5 Bxf3 9. Bxf3 Ne5 10. Be2 c6 11. a4 Qa5 12. Ra3 Rfc8 13. Rb3 Qc7 14. f3 e6 15. f4 Ned7 16. dxe6 fxe6 17. g4 d5 18. f5 exf5 19. gxf5 dxe4 20. fxg6 hxg6 21. Bc4+ Kh7 22. Nxe4 Nxe4 23. Bf4 Qb6+ 24. Rxb6 Nxb6 25. Bd3 Re8 26. Qf3 1-0

[Event "GER-ch 70th"]
[Site "Bremen"]
[Date "1998.11.06"]
[Round "1"]
[White "Mueller, Karsten"]
[Black "Schumacher, Olaf"]
[Result "1-0"]
[WhiteElo "2550"]
[BlackElo "2330"]
[EventDate "1998.11.06"]
[PlyCount "49"]

1. e4 c5 2. Nf3 d6 3. d4 cxd4 4. Nxd4 Nf6 5. Nc3 g6 6. Be3 Bg7 7. f3 O-O 8. Qd2 Nc6 9. O-O-O Bd7 10. g4 Bxg4 11. fxg4 Nxg4 12. Nb3 a5 13. a4 Nb4 14. Kb1 Nxe3 15. Qxe3 Rc8 16. h4 h5 17. Rh2 Qd7 18. Bb5 Qe6 19. Re2 Qe5 20. Nxa5 Rc7 21. Nc4 Qf6 22. Qf2 Qe6 23. Nd5 Nxd5 24. exd5 Qc8 25. Qf4 {Schwarz hat nun bei einer glatten Minusfigur Null Gegenspiel und auch keine Lust mehr.} 1-0

[Event "GER-ch 70th"]
[Site "Bremen"]
[Date "1998.11.06"]
[Round "1"]
[White "Schmaltz, Roland"]
[Black "Frohberg, Marco"]
[Result "1/2-1/2"]
[WhiteElo "2520"]
[BlackElo "2300"]
[EventDate "1998.11.06"]
[PlyCount "90"]

1. e4 e6 2. d3 c5 3. Nf3 Nc6 4. Be2 d5 5. Nbd2 Bd6 6. O-O Nge7 7. Re1 O-O 8. Bf1 Ng6 9. c3 Bc7 10. a3 a5 11. a4 Rb8 12. Nb1 dxe4 13. dxe4 Qxd1 14. Rxd1 Rd8 15. Rxd8+ Bxd8 16. Be3 b6 17. Na3 Kf8 18. Nd2 Ke7 19. f4 f6 20. Nb5 Rb7 21. Nc4 Rd7 22. g3 Ba6 23. Nd2 Na7 24. Nxa7 Rxa7 25. Bxa6 Rxa6 26. Kf2 Bc7 27. Ke2 Nh8 28. Nc4 Nf7 29. Na3 Nd6 30. Kd3 Ra8 31. Nb5 Nxb5 32. axb5 Rd8+ 33. Ke2 g6 34. Ra4 f5 35. Rc4 Rd7 36. h3 Kf6 37. g4 Ke7 38. e5 Kd8 39. gxf5 gxf5 40. Bf2 Rd5 41. Ra4 c4 42. Rxc4 Rxb5 43. Rd4+ Rd5 44. Rxd5+ exd5 45. Kd3 b5 1/2-1/2

[Event "GER-ch 70th"]
[Site "Bremen"]
[Date "1998.11.06"]
[Round "1"]
[White "Siegel, Georg"]
[Black "Lutz, Klaus Juergen"]
[Result "1/2-1/2"]
[WhiteElo "2495"]
[BlackElo "2290"]
[EventDate "1998.11.06"]
[PlyCount "50"]

1. Nf3 d6 2. g3 f5 3. c4 Nf6 4. Nc3 g6 5. Bg2 Bg7 6. O-O O-O 7. Rb1 Nc6 8. b4 e5 9. b5 Ne7 10. d3 h6 11. a4 Be6 12. Bb2 g5 13. a5 Nd7 14. Nd2 Rb8 15. Nd5 Rf7 16. b6 axb6 17. axb6 cxb6 18. Ba3 Nc8 19. Rb4 Ra8 20. Bb2 Ra6 21. e3 Na7 22. Qe2 Nc6 23. Rb5 Na7 24. Rb4 Nc6 25. Rb5 Na7 1/2-1/2

[Event "GER-ch 70th"]
[Site "Bremen"]
[Date "1998.11.07"]
[Round "2"]
[White "Bischoff, Klaus"]
[Black "Sielecki, Christof"]
[Result "1-0"]
[WhiteElo "2550"]
[BlackElo "2410"]
[EventDate "1998.11.06"]
[PlyCount "73"]

1. c4 Nf6 2. Nc3 e6 3. Nf3 d5 4. d4 dxc4 5. e3 a6 6. Bxc4 b5 7. Be2 Bb7 8. O-O Nbd7 9. b3 c5 10. Bb2 Be7 11. a4 b4 12. Nb1 O-O 13. Nbd2 cxd4 14. Nxd4 Nd5 15. Rc1 Rc8 16. Nc4 Nc5 17. Qc2 Bf6 18. Rfd1 Qe7 19. Bf3 Rc7 20. Nb6 Nxb6 21. Bxb7 Rxb7 22. Qxc5 Qxc5 23. Rxc5 Rbb8 24. Ba1 Rbc8 25. Nc6 Rc7 26. Bxf6 gxf6 27. e4 Rfc8 28. Rdc1 Kf8 29. a5 Nd7 30. R5c4 Nb8 31. Nxb4 Rxc4 32. bxc4 Rc5 33. f3 Rxa5 34. c5 Nd7 35. c6 Nb6 36. c7 Nc8 37. Rd1 1-0

[Event "GER-ch 70th"]
[Site "Bremen"]
[Date "1998.11.07"]
[Round "2"]
[White "Frohberg, Marco"]
[Black "Siegel, Georg"]
[Result "0-1"]
[WhiteElo "2300"]
[BlackElo "2495"]
[EventDate "1998.11.06"]
[PlyCount "48"]

1. e4 c5 2. Nf3 e6 3. b4 cxb4 4. a3 Nf6 5. e5 Nd5 6. axb4 Bxb4 7. c3 Be7 8. d4 d6 9. Bd3 Nd7 10. Qe2 dxe5 11. dxe5 Nc5 12. Bc2 b6 13. O-O a5 14. Rd1 Ba6 15. Qe1 Ra7 16. Nd4 Rd7 17. f4 g6 18. f5 exf5 19. Bxf5 gxf5 20. Nxf5 Ne6 21. Nxe7 Nxe7 22. Rxd7 Qxd7 23. Nd2 Nc5 24. Ba3 Qc6 0-1

[Event "GER-ch 70th"]
[Site "Bremen"]
[Date "1998.11.07"]
[Round "2"]
[White "Heinemann, Thies"]
[Black "Knaak, Rainer"]
[Result "1-0"]
[WhiteElo "2495"]
[BlackElo "2555"]
[EventDate "1998.11.06"]
[PlyCount "95"]

1. e4 e6 2. d4 d5 3. Nd2 c5 4. exd5 exd5 5. Ngf3 Nf6 6. Bb5+ Bd7 7. Bxd7+ Nbxd7 8. O-O Be7 9. dxc5 Nxc5 10. Nd4 Qd7 11. N2f3 O-O 12. Bf4 Bd6 13. Bxd6 Qxd6 14. Nf5 Qd7 15. Ne3 Rfe8 16. c3 Rad8 17. Qc2 Qe6 18. Rad1 Qe4 19. Rd2 Qf4 20. Rd4 Nce4 21. Rfd1 g5 22. h3 h5 23. Nh2 Qe5 24. Nhf1 Rd6 25. Qd3 g4 26. hxg4 Nxg4 27. Nxg4 hxg4 28. Rxd5 Rxd5 29. Qxd5 Qf4 30. Qd4 Re6 31. Re1 Qf5 32. Re2 b6 33. b3 Qh7 34. Re3 Kf8 35. Qd7 Rh6 36. Qc8+ Kg7 37. Qxg4+ Kf8 38. Qc8+ Kg7 39. Ng3 Nd6 40. Qg4+ Kf8 41. Qd1 Qg6 42. Qd3 Qg4 43. c4 Qg7 44. Re1 Qh8 45. Kf1 Qf6 46. Qe3 Qh4 47. Qf3 Rf6 48. Qh5 1-0

[Event "GER-ch 70th"]
[Site "Bremen"]
[Date "1998.11.07"]
[Round "2"]
[White "Koscielski, Janusch"]
[Black "Mainka, Romuald"]
[Result "0-1"]
[WhiteElo "2320"]
[BlackElo "2480"]
[EventDate "1998.11.06"]
[PlyCount "72"]

1. g3 d5 2. Bg2 c6 3. Nf3 Bg4 4. O-O Nd7 5. d4 e6 6. Nbd2 Bd6 7. e4 Ne7 8. h3 Bh5 9. b3 O-O 10. Bb2 a5 11. e5 Bc7 12. c4 c5 13. dxc5 Nc6 14. cxd5 exd5 15. g4 Bg6 16. Nd4 Ndxe5 17. f4 Nxd4 18. Bxd4 Nc6 19. Bb2 Bd3 20. Rf3 Ba6 21. Bf1 Re8 22. Rc1 Qh4 23. Bxa6 Rxa6 24. Nf1 d4 25. Qd2 Raa8 26. Qf2 Qxf2+ 27. Kxf2 Re4 28. Ng3 Rxf4 29. Nf5 Rd8 30. Rd1 Re4 31. Rfd3 Be5 32. Ng3 Re3 33. Nf5 Nb4 34. Rxe3 dxe3+ 35. Nxe3 Rxd1 36. Nxd1 Nd3+ 0-1

[Event "GER-ch 70th"]
[Site "Bremen"]
[Date "1998.11.07"]
[Round "2"]
[White "Lobron, Eric"]
[Black "Dautov, Rustem"]
[Result "1-0"]
[WhiteElo "2540"]
[BlackElo "2625"]
[EventDate "1998.11.06"]
[PlyCount "73"]

1. e4 c6 2. d4 d5 3. Nd2 dxe4 4. Nxe4 Bf5 5. Nc5 Nd7 6. Nxb7 Qc7 7. Nc5 Nxc5 8. dxc5 Rd8 9. Bd3 e6 10. Nf3 Bxc5 11. O-O Ne7 12. Qe2 Bxd3 13. cxd3 O-O 14. Be3 Bb6 15. Rac1 Rd5 16. Rc3 Rfd8 17. Rfc1 a6 18. d4 Qb7 19. h3 Ba5 20. Rc4 Bb6 21. b3 R5d6 22. Qc2 a5 23. Qe4 Qa7 24. Qg4 Kf8 25. Ne5 Bxd4 26. Qf3 f6 27. Bxd4 Rxd4 28. Nxc6 Rxc4 29. Rxc4 Nxc6 30. Rxc6 Qd7 31. Qc3 Qd1+ 32. Kh2 Qd4 33. Qxd4 Rxd4 34. Rxe6 Rd2 35. a4 Rxf2 36. Rb6 Rb2 37. Rb7 {time} 1-0

[Event "GER-ch 70th"]
[Site "Bremen"]
[Date "1998.11.07"]
[Round "2"]
[White "Luther, Thomas"]
[Black "Maier, Christian"]
[Result "1-0"]
[WhiteElo "2560"]
[BlackElo "2345"]
[EventDate "1998.11.06"]
[PlyCount "115"]

1. e4 e6 2. d4 d5 3. Nd2 Nf6 4. e5 Nfd7 5. c3 c5 6. Bd3 Nc6 7. Ne2 cxd4 8. cxd4 f6 9. exf6 Qxf6 10. Nf3 Bd6 11. Bg5 Qf7 12. O-O O-O 13. Bh4 e5 14. dxe5 Ndxe5 15. Nxe5 Bxe5 16. Qd2 Bc7 17. Rad1 Ba5 18. Qc2 Qh5 19. Bg3 Nb4 20. Qb3 Nxd3 21. Qxd3 Bg4 22. f3 Bb6+ 23. Kh1 Qf5 24. Qb3 Rad8 25. Bh4 g5 26. Bf2 Bxf2 27. Rxf2 Qf7 28. Qe3 Rd6 29. Qxg5+ Rg6 30. Qe5 Be6 31. Nd4 Bd7 32. Re2 Re8 33. Qc7 Rxe2 34. Nxe2 Bc6 35. Qb8+ Qf8 36. Qxf8+ Kxf8 37. Nd4 Ke7 38. Kg1 Kd6 39. Kf2 Bd7 40. g4 Rg8 41. Rd2 a5 42. Ke3 b5 43. a3 b4 44. axb4 axb4 45. h4 h6 46. Rg2 Re8+ 47. Kd3 Bc8 48. g5 hxg5 49. hxg5 Ba6+ 50. Kd2 Kc5 51. Ne2 Kc4 52. g6 Kb3 53. g7 Bxe2 54. g8=Q Rxg8 55. Rxg8 Bxf3 56. Rg3 Kxb2 57. Rxf3 b3 58. Rd3 1-0

[Event "GER-ch 70th"]
[Site "Bremen"]
[Date "1998.11.07"]
[Round "2"]
[White "Meins, Gerlef"]
[Black "Fuhrmann, Daniel"]
[Result "1-0"]
[WhiteElo "2455"]
[BlackElo "2315"]
[EventDate "1998.11.06"]
[PlyCount "67"]

1. d4 d5 2. c4 e6 3. Nf3 Nf6 4. g3 dxc4 5. Bg2 Nc6 6. Qa4 Bb4+ 7. Bd2 Bxd2+ 8. Nbxd2 O-O 9. Qxc4 Bd7 10. O-O Ne7 11. Ne5 Nfd5 12. Rac1 Rc8 13. Nb3 b6 14. e4 Nf6 15. Qa6 c6 16. Rfd1 Rc7 17. Nd2 Qb8 18. Ndc4 Rd8 19. Nd6 Be8 20. Qa3 Nd7 21. Nec4 Nf8 22. e5 Bd7 23. Qf3 Nf5 24. Nxf7 Kxf7 25. g4 Kg8 26. gxf5 exf5 27. Nd6 g6 28. Qb3+ Be6 29. d5 cxd5 30. Bxd5 Re7 31. Rc6 Kg7 32. Rdc1 Bxd5 33. Qxd5 Ne6 34. Rc8 1-0

[Event "GER-ch 70th"]
[Site "Bremen"]
[Date "1998.11.07"]
[Round "2"]
[White "Rabiega, Robert"]
[Black "Slobodjan, Roman"]
[Result "1/2-1/2"]
[WhiteElo "2525"]
[BlackElo "2575"]
[EventDate "1998.11.06"]
[PlyCount "78"]

1. e4 e5 2. Nf3 Nc6 3. Bc4 Bc5 4. c3 Nf6 5. d3 a6 6. O-O d6 7. h3 Ba7 8. Bb3 O-O 9. Re1 h6 10. Nbd2 Ne7 11. Nf1 Ng6 12. d4 Re8 13. Ng3 Bd7 14. Be3 Bc6 15. Bc2 Qe7 16. Qd2 Qf8 17. d5 Bd7 18. b4 a5 19. a3 Red8 20. c4 axb4 21. axb4 Bxe3 22. fxe3 Rxa1 23. Rxa1 Ra8 24. Qc3 b6 25. Ra3 Qb8 26. Qa1 Rxa3 27. Qxa3 c5 28. dxc6 Bxc6 29. Nf5 Bd7 30. Nd2 Kf8 31. Nb1 Ne7 32. Nxe7 Kxe7 33. Nc3 Bc6 34. Nd5+ Bxd5 35. exd5 Qc7 36. Bd3 e4 37. Be2 Nd7 38. Qa6 g6 39. Kf2 Ne5 1/2-1/2

[Event "GER-ch 70th"]
[Site "Bremen"]
[Date "1998.11.07"]
[Round "2"]
[White "Schumacher, Olaf"]
[Black "Lindenmair, Anton"]
[Result "1/2-1/2"]
[WhiteElo "2330"]
[BlackElo "2155"]
[EventDate "1998.11.06"]
[PlyCount "49"]

1. e4 e5 2. Nf3 Nf6 3. Nc3 Bb4 4. Bc4 O-O 5. O-O Nc6 6. Nd5 Nxd5 7. Bxd5 d6 8. d4 Nxd4 9. Nxd4 exd4 10. Qxd4 Bc5 11. Qc3 c6 12. Bb3 Qh4 13. Be3 Qxe4 14. Bxc5 dxc5 15. Qxc5 Re8 16. Rad1 Be6 17. Rfe1 Rad8 18. Ra1 Qd4 19. Qxd4 Rxd4 20. Bxe6 Rxe6 21. Rxe6 fxe6 22. Kf1 Rd2 23. Rc1 Kf7 24. Ke1 Rd5 25. Ke2 1/2-1/2

[Event "GER-ch 70th"]
[Site "Bremen"]
[Date "1998.11.07"]
[Round "2"]
[White "Telljohann, Sven"]
[Black "Reichmann, Hendrik"]
[Result "1-0"]
[WhiteElo "2410"]
[BlackElo "2305"]
[EventDate "1998.11.06"]
[PlyCount "73"]

1. Nf3 c5 2. g3 Nc6 3. Bg2 e6 4. c4 Nf6 5. Nc3 a6 6. O-O Qc7 7. e3 Be7 8. d4 d6 9. d5 Nd8 10. e4 O-O 11. h3 Bd7 12. a4 Ne8 13. Ne1 e5 14. Nd3 Qc8 15. Kh2 f5 16. exf5 Bxf5 17. g4 Bg6 18. f4 exf4 19. Nxf4 Bf7 20. Ne4 Nf6 21. Ng3 b5 22. Nf5 Re8 23. axb5 axb5 24. Rxa8 Qxa8 25. g5 Nd7 26. Ne6 Bf8 27. Nxf8 Rxf8 28. cxb5 Qb8 29. Bf4 Nb7 30. Qg4 Ne5 31. Bxe5 dxe5 32. d6 Nxd6 33. g6 Be6 34. Ne7+ Kh8 35. Qxe6 Rxf1 36. Bxf1 Nxb5 37. Bxb5 1-0

[Event "GER-ch 70th"]
[Site "Bremen"]
[Date "1998.11.07"]
[Round "2"]
[White "Tischbierek, Raj"]
[Black "Gabriel, Christian"]
[Result "1-0"]
[WhiteElo "2515"]
[BlackElo "2555"]
[EventDate "1998.11.06"]
[PlyCount "115"]

1. g3 g6 2. Bg2 Bg7 3. d4 f5 4. Nc3 Nf6 5. e4 fxe4 6. Nxe4 Nxe4 7. Bxe4 O-O 8. Ne2 d5 9. Bg2 c6 10. O-O Bg4 11. h3 Bxe2 12. Qxe2 Bxd4 13. c4 Qd6 14. Bh6 Rf7 15. Qg4 Bg7 16. Qc8+ Rf8 17. Qxb7 Nd7 18. Bxg7 Rfb8 19. Qa6 Nc5 20. Qa3 Kxg7 21. cxd5 cxd5 22. Rac1 Rb5 23. Rfd1 Ne4 24. Qxd6 Nxd6 25. Rxd5 Rab8 26. b3 Rxd5 27. Bxd5 Rb5 28. Bc6 Re5 29. Kf1 a5 30. a3 Nf5 31. Rc4 Nd6 32. Rc3 Nb5 33. Bxb5 Rxb5 34. Rf3 e5 35. Ke2 e4 36. Rc3 Kf6 37. Kd2 Ke6 38. h4 Kd6 39. Ke3 Ke5 40. a4 Rd5 41. Ke2 Kd6 42. Rc8 Ke5 43. Rc7 h6 44. Rc6 Kf5 45. h5 gxh5 46. Rxh6 Kg5 47. Rb6 Rd3 48. Rb5+ Kg4 49. Rxa5 Rxb3 50. Re5 Rb2+ 51. Ke3 Ra2 52. Rxe4+ Kh3 53. Rf4 Kg2 54. Kd3 Ra3+ 55. Kc2 Ra2+ 56. Kb3 Rxf2 57. Rxf2+ Kxf2 58. a5 1-0

[Event "GER-ch 70th"]
[Site "Bremen"]
[Date "1998.11.07"]
[Round "2"]
[White "Wahls, Matthias"]
[Black "Kachiani Gersinska, Ketino"]
[Result "1-0"]
[WhiteElo "2605"]
[BlackElo "2420"]
[EventDate "1998.11.06"]
[PlyCount "111"]

1. Nf3 Nf6 2. c4 e6 3. g3 d5 4. b3 a5 5. Nc3 d4 6. Nb5 e5 7. Nxe5 c6 8. Na3 Ne4 9. Bg2 Qf6 10. f4 Bf5 11. O-O d3 12. Bb2 Bc5+ 13. e3 Qd6 14. g4 Bxa3 15. Bxa3 Qxa3 16. gxf5 Nd6 17. Qg4 Nd7 18. Nxd3 O-O-O 19. Rfe1 Nxc4 20. Qxg7 f6 21. Re2 h5 22. Qg3 h4 23. Qe1 h3 24. Qc1 hxg2 25. Qxc4 Qe7 26. Rxg2 Qh7 27. Kh1 Qxf5 28. Nf2 Nb6 29. Qe2 Qd5 30. d3 Nd7 31. Rag1 Nc5 32. e4 Qd4 33. Rg3 Rh4 34. f5 Nd7 35. Qe3 Qxe3 36. Rxe3 Ne5 37. h3 Rd7 38. Rd1 c5 39. Kg2 Rh8 40. Rg3 Kc7 41. Ng4 Nxg4 42. hxg4 Kd6 43. g5 fxg5 44. Rxg5 Rdh7 45. Kf3 Rh3+ 46. Kf4 R3h4+ 47. Rg4 Rxg4+ 48. Kxg4 Ke5 49. Rf1 Kf6 50. Kf4 Rh4+ 51. Ke3 Rh3+ 52. Rf3 Rh2 53. a4 Rh7 54. Rg3 Ke5 55. Rg6 Rh3+ 56. Kd2 1-0

[Event "GER-ch 70th"]
[Site "Bremen"]
[Date "1998.11.08"]
[Round "3"]
[White "Dautov, Rustem"]
[Black "Telljohann, Sven"]
[Result "1-0"]
[WhiteElo "2625"]
[BlackElo "2410"]
[EventDate "1998.11.06"]
[PlyCount "33"]

1. d4 Nf6 2. Nf3 c5 3. d5 c4 4. e4 Nxe4 5. Bxc4 g6 6. Nc3 Nf6 7. d6 e6 8. Nb5 Na6 9. Bf4 b6 10. Be5 Bb7 11. Qd4 Bg7 12. Nc7+ Nxc7 13. dxc7 Qe7 14. Bd6 Nh5 15. Qd3 Qf6 16. Ba6 Qxb2 17. Bxb7 1-0

[Event "GER-ch 70th"]
[Site "Bremen"]
[Date "1998.11.08"]
[Round "3"]
[White "Enders, Peter"]
[Black "Lobron, Eric"]
[Result "1-0"]
[WhiteElo "2485"]
[BlackElo "2540"]
[EventDate "1998.11.06"]
[PlyCount "61"]

1. e4 c5 2. Nf3 e6 3. d4 cxd4 4. Nxd4 Nf6 5. Nc3 Nc6 6. Ndb5 d6 7. Bf4 e5 8. Bg5 a6 9. Na3 b5 10. Bxf6 gxf6 11. Nd5 Bg7 12. Bd3 Ne7 13. Nxe7 Qxe7 14. c3 f5 15. Nc2 Bb7 16. exf5 h5 17. a4 b4 18. Nxb4 Qh4 19. Qe2 Bxg2 20. Rg1 Qxh2 21. O-O-O Qf4+ 22. Qd2 Bh6 23. Rxg2 Qf3 24. Rg5 f6 25. Be2 Qb7 26. Rg8+ Ke7 27. Qxh6 Raxg8 28. Qd2 Rd8 29. Bxa6 Qg2 30. Bb5 Kf8 31. Nc6 1-0

[Event "GER-ch 70th"]
[Site "Bremen"]
[Date "1998.11.08"]
[Round "3"]
[White "Gutman, Lev"]
[Black "Bischoff, Klaus"]
[Result "1/2-1/2"]
[WhiteElo "2480"]
[BlackElo "2550"]
[EventDate "1998.11.06"]
[PlyCount "124"]

1. d4 e6 2. Nf3 Nf6 3. g3 d5 4. Bg2 Be7 5. O-O O-O 6. c4 c6 7. Qc2 Nbd7 8. Bf4 b6 9. cxd5 cxd5 10. Rc1 Bb7 11. Qa4 Rc8 12. Nbd2 a6 13. Qd1 Rxc1 14. Rxc1 Qa8 15. Ne5 Rc8 16. Ndf3 h6 17. g4 g5 18. Be3 Nf8 19. h4 Ne4 20. hxg5 hxg5 21. Nd2 Nd6 22. Nf1 f6 23. Nd3 Nc4 24. Bd2 Nxd2 25. Qxd2 Rxc1 26. Qxc1 Qc8 27. Qe3 Kf7 28. Qh3 Ke8 29. Ne3 Kd8 30. Qh6 Bc6 31. f4 gxf4 32. Nxf4 Be8 33. Nf1 Qc2 34. e3 Bd7 35. Nh5 Qxb2 36. Nxf6 Qxa2 37. Qf4 Qc2 38. Qb8+ Bc8 39. Ng8 Bg5 40. Qd6+ Ke8 41. Qe5 Qg6 42. Qb8 Qc2 43. Qe5 Qg6 44. Qb8 Kf7 45. Qxc8 Qd3 46. Nf6 Bxf6 47. Qc7+ Kg8 48. Qxb6 Bg5 49. Kf2 Bh4+ 50. Kg1 Qe2 51. Kh2 Bg5 52. Qd6 Qxg4 53. Bh3 Qe2+ 54. Kg3 Qe1+ 55. Kg2 Qe2+ 56. Kg3 Kf7 57. Qc7+ Kg6 58. Qd6 Kf7 59. Qc7+ Be7 60. Qf4+ Bf6 61. Bg4 Qe1+ 62. Kg2 Qh4 1/2-1/2

[Event "GER-ch 70th"]
[Site "Bremen"]
[Date "1998.11.08"]
[Round "3"]
[White "Hickl, Joerg"]
[Black "Wahls, Matthias"]
[Result "1/2-1/2"]
[WhiteElo "2540"]
[BlackElo "2605"]
[EventDate "1998.11.06"]
[PlyCount "50"]

1. g3 g6 2. Bg2 Bg7 3. c4 Nf6 4. Nc3 O-O 5. d3 d6 6. Nf3 h6 7. O-O e5 8. Rb1 a5 9. a3 Re8 10. Nd2 c6 11. b4 axb4 12. axb4 d5 13. b5 Be6 14. Bb2 Nbd7 15. Ra1 Qc7 16. Qc2 Rec8 17. bxc6 bxc6 18. Rfc1 Qd8 19. e3 Rxa1 20. Rxa1 Nc5 21. Ba3 Bf8 22. Na4 Nfd7 23. Nxc5 Nxc5 24. Bf1 Bf5 25. Nb3 Nxb3 1/2-1/2

[Event "GER-ch 70th"]
[Site "Bremen"]
[Date "1998.11.08"]
[Round "3"]
[White "Kargoll, Peter"]
[Black "Koscielski, Janusch"]
[Result "0-1"]
[WhiteElo "2315"]
[BlackElo "2320"]
[EventDate "1998.11.06"]
[PlyCount "106"]

1. d4 Nf6 2. Nf3 g6 3. Bg5 Bg7 4. Nbd2 O-O 5. e3 d6 6. Be2 h6 7. Bh4 Nbd7 8. c3 e5 9. Qc2 Qe7 10. dxe5 dxe5 11. Ne4 Nc5 12. Nxc5 Qxc5 13. Nd2 Bf5 14. e4 Be6 15. O-O a5 16. Rfd1 Rfd8 17. Nf1 Rxd1 18. Rxd1 a4 19. b4 axb3 20. axb3 Qa3 21. Rb1 Nxe4 22. Ne3 Nd6 23. Be7 Re8 24. Bxd6 Qxd6 25. Rd1 Qc5 26. b4 Qe7 27. Nd5 Bxd5 28. Rxd5 c6 29. Rd1 e4 30. b5 e3 31. fxe3 Qxe3+ 32. Kf1 Qf4+ 33. Kg1 Qe3+ 34. Kf1 Qe5 35. bxc6 bxc6 36. Bf3 Qxh2 37. Bxc6 Qh1+ 38. Kf2 Qh4+ 39. g3 Qh2+ 40. Bg2 Re6 41. Rd3 Rf6+ 42. Rf3 Rxf3+ 43. Kxf3 Be5 44. Qf2 Bxc3 45. Qc5 Bf6 46. Bf1 Qh1+ 47. Kf2 Qe4 48. Qc8+ Kg7 49. Be2 Bd4+ 50. Ke1 h5 51. Qh3 Qe3 52. Kd1 Bc3 53. Kc2 Be5 0-1